000 02497nam0a2200361 4500
001 RU\NLR\BIBL_A\022010775
005 20260406174639.0
035 _a(NLR Aleph) 022010775
090 _a12482880
_c12482880
100 _a20230823d1897 |||y0rusy50 ca
101 0 _arus
102 _aRU
105 _ay z 000zy
181 0 _ai
_baxxe
182 0 _an
200 1 _aЗаписка для 7-й комиссии по исследованию операций Эмеритальной кассы горных инженеров
203 _aТекст
_bвизуальный
_cнепосредственный
210 _a[Санкт-Петербург]
_cТипография Е. Евдокимова
_d1897
215 _a18 с.
_d36
300 _aВ конце текста: столоначальник по заведыванию эмеритальной кассой горных инженеров, надворный советник Г. Тигранов
309 _aБез тит. л. и обл.
316 _aЭкз. РНБ: приплетена 1 кн.
_5NLR
481 0 _1001RU\NLR\BIBL_A\022010776
_912482883
_aРоссия. Министерство государственных имуществ
_c[Санкт-Петербург]
_d[1897]
_nТипография Е. Евдокимова
_p18, [5] с.
_tСтатьи Устава Эмеритальной кассы горных инженеров, подлежащие изменению согласно предположениям 6-й комиссии по пересмотру названного устава
532 1 1 _aЗаписка для седьмой комиссии по исследованию операций эмеритальной кассы горных инженеров
601 0 2 _aРоссия
_bМинистерство государственных имуществ
_bЭмеритальная касса горных инженеров
_jДокументы и материалы
_92563075
_3RU\NLR\AUTH\6601728177
686 3 _aУ27(28)16,011
702 1 _aТигранов
_bГ. Ф.
_f1859-1930
_gГригорий Фаддеевич
_4570
710 0 2 _aРоссия
_bМинистерство государственных имуществ
_bЭмеритальная касса горных инженеров
_3RU\NLR\AUTH\889942740
_9380498
852 _aNLR
_j18.270.1.407(1)
942 _cBOOK
980 _aNB